000 03033nam a2200577 c 4500
003 BLK
005 20240319131850.0
008 180408b bul|||||r ||||||| ||bul||
010 _aKNG00091328000
020 _a978-954-8104-21-0
_bиздат.: Научноинформ. център Бълг. енциклопедия
040 _aBLK
041 _aBUL
_cBUL
080 _aНационалноосвободителното движение в България (1856-1877)
_b94(497.2)"1856/1877"
_x(092)(031)
_z94(497.2)"1856/1877"(092)(031)
080 _aОрганизация на възпитанието и образованието. Училищно дело.
_b37.09
_x(497.2)(091)(031)
_z37.09(497.2)(091)(031)
080 _aВидове общообразователни училища
_b373
_x(497.216.1)
_z373(497.216.1)
080 _aБиографии
_b929
_x(497.2)
_z929(497.2)
700 1 _aКолева, Петрана
_eавт.-състав.
_9302360
139 _aКолева, Петрана
_bК 78
245 1 0 _aАприловски свод
_cавт.-състав. Петрана Колева.
257 _aBGR
260 София
_bНаучноинформ. център Бълг. енциклопедия
_c2009
_fСофия : Ес принт
300 _a600 с.
_bс 1 портр.
_c25 см
380 _a0
500 _aИзд. на БАН. Научноинформ. център Бълг. енциклопедия. - Офс. изд. - Съдържа и Васил Евстатиев Априлов ; за авт. - Библиогр. с. 598-599.
600 0 _aАприлов, Васил Евстатиев
_d1789 - 1847
_gПросветен и книжовен деец
_9367421
600 1 4 _aВенелин, Юрий Иванович
_9369644
650 4 _aОбразование и просвета - България - история
_9244253
650 4 _aВъзраждане - България - дейци
_9243707
650 4 _aУчилища - България - история
_9244251
650 4 _aВъзраждане - България - справочници
_9302361
650 4 _aАприлов, Васил Евстатиев
_9367421
650 4 _aВъзрожденци, български
_9246435
650 4 _aОбщественици, български
_9244901
651 4 _aБългария
_9241624
653 _aобразование
653 _aучилища
653 _aВъзраждане
653 _aистория на образованието
653 _aВасил Априлов
653 _aЮрий Венелин
653 _aбългарска история
653 _aвъзрожденци
653 _aобщественици
653 _aсправочници
852 _aЦб 245273
856 4 _qpdf
_u
856 4 _qpdf
_u
942 _cKNG
_n0
944 _aCR
_c10.09.2009
_lМоника Янева
_k30570
944 _aED
_c03.06.2016
_lф /
_kЛюдмила_Стоянова
999 _c86701
_d86701